| 000 | 00518ntaaa2200193 4500 | ||
|---|---|---|---|
| 003 | 01 | ||
| 005 | 20251027200852.0 | ||
| 008 | 0714s1973 ag 01 | ||
| 040 |
_aAR-BaBN _bspa _cAR-BaBN _eaacr _dRIC |
||
| 082 | _a222.11 Yo8 | ||
| 100 |
_aYoung, Edward J. _9226 |
||
| 245 |
_aGenesis 3 / _cEdward J. Young |
||
| 250 | _a1 ed. | ||
| 260 |
_aLondon : _bThe Banner of the Truth Trust, _c1966 |
||
| 300 | _a164 p | ||
| 500 | _aUn estudio devocional expositivo | ||
| 650 | _aBiblia-Antiguo Testamento-Genesis | ||
| 942 | _cBK | ||
| 999 |
_c2734 _d2734 |
||